LIBRARY & INFORMATION CENTRE, KCAET, TAVANUR

ONLINE PUBLIC ACCESS CATALOGUE (OPAC)

Farm buildings : planning and construction / (Record no. 13766)

MARC details
000 -LEADER
fixed length control field 00469cam a2200181 a 4500
003 - CONTROL NUMBER IDENTIFIER
control field OSt
008 - FIXED-LENGTH DATA ELEMENTS--GENERAL INFORMATION
fixed length control field 240321b |||||||| |||| 00| 0 eng d
020 ## - INTERNATIONAL STANDARD BOOK NUMBER
ISBN 075068934X :
020 ## - INTERNATIONAL STANDARD BOOK NUMBER
ISBN 9780750689342
041 ## - LANGUAGE CODE
Language code of text/sound track or separate title eng
082 00 - DEWEY DECIMAL CLASSIFICATION NUMBER
Classification number 690.892
Item number SOU/FA
100 1# - MAIN ENTRY--AUTHOR NAME
Personal name Southorn, Neil.
245 10 - TITLE STATEMENT
Title Farm buildings : planning and construction /
260 ## - PUBLICATION, DISTRIBUTION, ETC. (IMPRINT)
Place of publication [Port Melbourne] :
Name of publisher Inkata,
Year of publication c1996.
300 ## - PHYSICAL DESCRIPTION
Number of Pages 151 p. :
Other physical details ill. ;
650 #0 - SUBJECT ADDED ENTRY--TOPICAL TERM
Topical Term Farm buildings
942 ## - ADDED ENTRY ELEMENTS (KOHA)
Koha item type Books
Holdings
Withdrawn status Lost status Damaged status Collection code Home library Current library Shelving location Date acquired Source of acquisition Cost, normal purchase price Full call number Accession Number Koha item type
      Non-fiction KAUAET KAUAET General Stacks 31/03/2012 International Books & Periodicals Supply Service, Delhi 2177.00 690.892 SOU/FA 23106 Books
      Non-fiction KAUAET KAUAET General Stacks 31/03/2012 International Books & Periodicals Supply Service, Delhi 2177.00 690.892 SOU/FA 23107 Books
free website counter